[Event "Dortmund SuperGM 37th"]
[Site "Dortmund"]
[Date "2009.07.05"]
[Round "4"]
[White "Bacrot, Etienne"]
[Black "Carlsen, Magnus"]
[Result "1/2-1/2"]
[WhiteElo "2721"]
[BlackElo "2772"]
[PlyCount "91"]
[EventDate "2009.07.02"]
[EventType "tourn"]
[EventRounds "10"]
[EventCountry "GER"]
[EventCategory "20"]
[SourceTitle "CBM 131"]
[Source "ChessBase"]
[SourceDate "2009.07.15"]
[SourceVersion "1"]
[SourceVersionDate "2009.07.15"]
[SourceQuality "1"]

1. d4 {Lutz,Christopher} Nf6 2. c4 e6 3. Nf3 d5 4. Nc3 c6 5. Bg5 h6 6. Bh4 dxc4 7. e4 b5 8. e5 g5 9. Nxg5 hxg5 10. Bxg5 Nbd7 11. g3 Bb7 12. Bg2 Qb6 13. exf6 c5 14. d5 O-O-O 15. O-O b4 16. Na4 Qb5 17. a3 exd5 18. axb4 cxb4 19. Be3 Nc5 20. Qg4+ Rd7 21. Qg7 Bxg7 22. fxg7 Rg8 23. Nxc5 Rxg7 ({RR} 23... d4 24. Bxb7+ Rxb7 25. Nxb7 Qb6 26. Bxd4 Qxd4 27. Rfd1) 24. Bd4 ({RR} 24. Nxd7 Qxd7 25. Rxa7 Rg6 26. Rfa1 Re6 27. Bd4 ({RR} 27. Bh3 d4) ({RR} 27. R1a5 Rxe3 28. fxe3 Qe7) 27... Re2 28. h4 Rd2 29. Be3 Rxb2 30. R1a5 b3 31. Rc5+ Kd8 ({RR} 31... Kb8 32. Raa5) 32. Rxb7 Qxb7 33. Rxd5+ Qxd5 34. Bxd5 Rb1+ 35. Kg2 b2 36. Be4 ({RR} 36. Bxc4 Rd1 ({RR} 36... Rg1+ 37. Kxg1 b1=Q+ 38. Kh2) 37. Ba2 Ra1) 36... Rd1 37. Bg5+ Ke8 38. Bf6 b1=Q {Ponomariov,R (2734)-Shirov,A (2723) Wijk aan Zee 2003 CBM 093 [Lutz,Christopher] 0-1 (42)}) ({RR} 24. Bh3 f5 25. Bxf5 Rgf7 26. Bh3 Rh7 27. Be6 Rhe7 28. Rxa7 Rxe6 29. Nxe6 d4 30. Nxd4 Qd5 31. Rxb7 Rxb7 32. Ra1 c3 33. bxc3 b3 34. Nxb3 Rxb3) ({RR} 24. Rxa7 d4 25. Bxb7+ Rxb7 26. Nxb7 Qb6) 24... Rc7 $146 ({RR} 24... f5 25. Bh3 Rgf7 26. Rxa7 Rc7 27. Ne6 Rce7 28. Ng5 Qe8 29. Nxf7 Qxf7 30. Rfa1 Qh5 31. Bg2 f4 32. R7a5 f3 33. Bf1 Rh7 34. h4 Qf5 35. Be3 Qc2 36. Bf4 Rf7 37. Bh3+ Kd8 38. Bd6 Rf5 39. Ra7 {Lalic,B (2575)-Wilson,J (2320) London 1996 1-0 (46)}) ({RR} 24... f5 25. Bh3 Rgf7 26. Rxa7 Rc7 27. Ne6 Rce7 28. Ng5 Qe8 29. Nxf7 Qxf7) ({RR} 24... f5 25. Nxd7 Rxd7 26. Rxa7 c3 27. bxc3 Qd3 28. Raa1 bxc3 29. Bxc3 d4 30. Bb4 Bxg2 31. Kxg2 Qe4+ 32. Kg1 f4 33. f3 Qe3+ 34. Kg2 d3 35. Rf2 fxg3 36. hxg3 Rh7 37. Rd2 Qd4 38. Rb1 Qd7 39. Rh1 {Barber,G (1974)-Leblanc,R Kapuskasing 2004 0-1 (45)}) 25. Nxb7 Rg6 26. Ra5 Qxb7 27. Bxd5 Qb8 28. Be5 Qb6 29. Bxc7 Qxc7 30. Rfa1 a6 31. Rxa6 Rxa6 32. Rxa6 c3 33. bxc3 bxc3 34. Be4 Qc4 35. Bf5+ Kd8 36. Ra1 Qe2 37. Kg2 Qe5 38. Rd1+ Ke7 39. Bb1 f5 40. h3 Kf6 41. Rd3 Qe4+ 42. Kh2 Qe1 43. Rf3 Qxb1 44. Rxc3 Qf1 45. Rf3 Ke5 46. Rf4 1/2-1/2

[Event "Dortmund SuperGM 37th"]
[Site "Dortmund"]
[Date "2009.07.12"]
[Round "10"]
[White "Carlsen, Magnus"]
[Black "Bacrot, Etienne"]
[Result "1/2-1/2"]
[WhiteElo "2772"]
[BlackElo "2721"]
[PlyCount "77"]
[EventDate "2009.07.02"]
[EventType "tourn"]
[EventRounds "10"]
[EventCountry "GER"]
[EventCategory "20"]
[SourceTitle "CBM 131"]
[Source "ChessBase"]
[SourceDate "2009.07.15"]
[SourceVersion "1"]
[SourceVersionDate "2009.07.15"]
[SourceQuality "1"]

1. d4 {Marin,Mihail} Nf6 2. c4 e6 3. Nc3 Bb4 4. Qc2 O-O 5. a3 Bxc3+ 6. Qxc3 d5 7. e3 b6 8. Nf3 Bb7 9. b3 Nbd7 10. Be2 c5 11. O-O Rc8 12. a4 ({RR} 12. Rd1 dxc4 13. bxc4 cxd4 14. exd4 b5 15. c5 Bc6 16. Rb1 ({RR} 16. Qb3 Qc7 17. Bg5 Ne4 18. Bh4 a6 19. Qb2 h6 20. Ne1 Qf4 21. Bg3 Nxg3 22. hxg3 Qc7 23. Nc2 Qb7 24. Bf1 a5 25. Rab1 Rb8 26. Qc3 Qc7 27. Ne3 Nf6 28. Be2 Rb7 29. Bf3 Bxf3 30. gxf3 Rfb8) 16... a6 17. Ne1 Be4 18. Ra1 Nb6 19. Bg5 Bg6 20. Bf3 Nbd5 21. Qb3 Qc7 22. Bxf6 Nxf6 23. a4 Rb8 24. axb5 axb5 25. Nd3 Bxd3 26. Qxd3 Rfd8 {So,W (2756)-Sevian,S (2698) Saint Louis, US 2025 ½-½ (63)}) 12... dxc4 13. bxc4 Qc7 14. Rd1 $146 ({RR} 14. Ba3 Rfd8 15. Rfd1 Bxf3 16. Bxf3 cxd4 17. Rxd4 e5 18. Rd6 e4 19. Be2 Nc5 20. Rxd8+ Rxd8 21. a5 bxa5 22. h3 Rb8 23. Bxc5 Qxc5 24. Rxa5 Qc7 25. Ra1 Nd7 26. Qa3 Rb7 27. Rd1 h6 28. Qe7 Nf6 {Pultorak,J (2310)-Punin,A (2259) Lvov 2016 ½-½}) ({RR} 14. Bb2 Bxf3 15. gxf3 cxd4 16. Qxd4 ({RR} 16. exd4 Nd5) 16... e5 17. Qh4 Rfe8 18. Kh1 Nf8 19. Qh3 a5 20. Rfd1 Rcd8 21. Qf5 Rxd1+ 22. Rxd1 N8d7 23. c5 Nxc5 24. Bb5 Re6 25. Kg1 g6 26. Qc2 Rd6 27. Rc1 Qe7 28. Ba3 Nfd7 {Vitiugov,N (2694)-Karjakin,S (2723) Khanty-Mansiysk 2009 CBM 134 [Marin,Mihail] 0-1 (47)}) 14... Rfd8 ({RR} 14... Bxf3 15. gxf3 cxd4 16. exd4 Nd5 17. Qd2) 15. Bb2 cxd4 ({RR} 15... Bxf3 16. Bxf3 cxd4 17. Rxd4 e5 18. Rd2 Qxc4 19. Qxc4 Rxc4 20. Rad1 Rdc8 21. g4) 16. exd4 Qf4 17. Qe3 Qxe3 18. fxe3 a5 19. Nd2 Ne4 20. Nxe4 Bxe4 21. Rdc1 Nc5 22. Ra3 Bc6 23. Bc3 Nxa4 24. Be1 Be8 25. Rb1 e5 26. Bh4 f6 27. dxe5 b5 28. cxb5 Nc3 29. Rb2 Nxe2+ 30. Rxe2 Rd1+ 31. Re1 Rcc1 32. Rxd1 Rxd1+ 33. Kf2 g5 34. Bg3 Bxb5 35. e4 fxe5 36. Rxa5 Rb1 37. Bxe5 Bc6 38. Bc3 Rb5 39. Rxb5 1/2-1/2

[Event "Nanjing Pearl Spring 2nd"]
[Site "Nanjing"]
[Date "2009.09.29"]
[Round "2"]
[White "Carlsen, Magnus"]
[Black "Topalov, Veselin"]
[Result "1-0"]
[WhiteElo "2772"]
[BlackElo "2813"]
[Annotator "Krasenkow,Michal"]
[PlyCount "81"]
[EventDate "2009.09.28"]
[EventType "tourn"]
[EventRounds "10"]
[EventCountry "CHN"]
[EventCategory "21"]
[SourceTitle "CBM 133"]
[Source "ChessBase"]
[SourceDate "2009.11.19"]
[SourceVersion "1"]
[SourceVersionDate "2009.11.19"]
[SourceQuality "1"]

1. d4 Nf6 2. c4 g6 3. Nc3 Bg7 4. e4 d6 5. Nf3 O-O 6. h3 Na6 7. Be3 {In my opinion, this move is less accurate than} (7. Bg5) 7... e5 8. d5 c6 9. g4 Nc5 10. Nd2 a5 11. a3 ({RR} 11. Qc2 a4 12. a3 Qa5 13. O-O-O Bd7 14. Be2 Rfc8 15. Kb1 Rab8 16. Rdg1 Be8 17. g5 Nh5 18. Bxh5 gxh5 19. Rc1 Kh8 20. h4 f6 21. f3 Bg6 22. Ka2 Rf8 23. Rh2 f5 24. Bxc5 Qxc5 25. Qxa4 fxe4 {Tan,Z (2511)-Amin,B (2707) Changsha 2019 ½-½ (74)}) 11... Nfd7 (11... a4 {was possible right now as it was hardly favourable for White to capture this pawn at the price of exchanging his dark-squared bishop and weakening the dark squares in his camp (especially after g2-g4):} 12. Bxc5 dxc5 13. dxc6 $6 (13. Nxa4 $142 Qa5 14. Nc3 Bh6 $44) 13... bxc6 14. Nxa4 Bh6 15. Nc3 Rb8 16. Rb1 Qa5 17. Bd3 Rd8 18. Qc2 Be6 19. Nf3 Bf4 $17 {0-1 Muse,M (2474)-Levacic,P (2336)/Medulin 2002/CBM 090 ext (42)}) ({RR} 11... a4 12. Qc2 Qa5 13. Be2 Bd7 14. Kf1 Rfc8 15. Kg2 Ne8 16. h4 cxd5 17. cxd5 b5 18. h5 Rab8 19. hxg6 fxg6 20. Rh4 b4 21. axb4 Qxb4 22. Nc4 Nb3 23. Rah1 Rxc4 24. Bxc4 Qxc4 25. Bh6 Nf6 26. Bxg7 {Quinonez Garcia,S (2248)-Sargsyan,S (2630) chess.com INT 2023 0-1}) 12. Rg1 $146 {A surprising decision. White allows ...a5-a4.} ({In the event of} 12. b4 axb4 13. axb4 Rxa1 14. Qxa1 Na6 15. Qa3 c5 16. bxc5 Naxc5 {breaking up Black's queenside defence is not an easy task.}) ({RR} 12. h4 a4 13. h5 Bf6 14. Nf3 Nb3 15. Rb1 Nd4 16. Be2 c5 17. Rg1 Nb6 18. g5 Bg7 19. Nh4 Bd7 20. Qd3 Qe8 21. hxg6 fxg6 22. Bg4 Bxg4 23. Rxg4 Qd7 24. Rg3 Rf7 25. Kf1 Raf8 26. Kg2 Rf4 {Begmuratov,A (2398)-Esenov,A (2325) Tashkent 2017 0-1 (48)}) 12... a4 {White's queenside is now paralysed but he's got a plan: long castling followed by a kingside pawn attack.} 13. Qc2 Nb6 14. O-O-O Bd7 15. Kb1 cxd5 $2 {What looks like a small inaccuracy turns out to be a grave positional error.} (15... Rc8 $142) 16. cxd5 (16. exd5 f5 $132) 16... Rc8 17. Bb5 $1 {[%mdl 32] That's the point. White trades bishops, weakening the light squares in Black's camp and his a4-pawn.} Bxb5 18. Nxb5 Qd7 19. Nc3 Bf6 (19... Rc7 20. h4 Rfc8 21. h5 {, and Black can't make further progress.}) 20. g5 Bd8 {This bishop is aiming for a5 but where can the b6-knight be moved to?} 21. h4 Na8 (21... Nb3 22. Nxb3 axb3 23. Qxb3 Nc4 {(S.Zagrebelny)} 24. Nb5 Nxe3 25. fxe3 {hardly gives Black any real compensation for the missing pawn.}) 22. Bxc5 Rxc5 23. Qxa4 $16 {/+- White has won a pawn and his pieces are also better positioned. The rest is a matter of technique.} Qc8 24. Rc1 Nb6 25. Qd1 Qh3 26. Qf3 Qd7 (26... Qxh4 $4 27. Rg4 $18 {[%cal Rc1h1]}) (26... Qxf3 27. Nxf3 f5 {was relatively better.}) 27. Qd3 Kg7 28. Rc2 f6 {The last attempt to create counterplay.} 29. gxf6+ Rxf6 30. h5 $1 {White has accurately calculated the consequences of this move.} Rxf2 31. hxg6 h6 (31... hxg6 32. Rxg6+ Kxg6 33. Qg3+ Bg5 34. Qxf2 $18) 32. Nd1 $1 {It is essential for White to swap his passive c2 rook for Black's most active piece - the f2.} (32. Nf3 $1 {was equally good, with the same idea.}) 32... Rxc2 (32... Rf8 33. Ne3 $18) (32... Rf6 33. Rxc5 dxc5 34. Ne3 Rxg6 35. Nf5+ Kh7 36. Rxg6 Kxg6 37. Nf3 $18 {}) 33. Nxf2 $1 (33. Qxc2 $143 Rh2 34. Ne3 $140 Bg5) 33... Rc8 34. Ng4 Bg5 35. Nf3 Nc4 36. Nxg5 hxg5 37. Ne3 (37. Qh3 $1 {(pointed out by many commentators) was winning on the spot:} Rh8 38. Qxh8+ Kxh8 39. Rh1+ $18) 37... Nxe3 38. Qxe3 Qa4 39. Qxg5 Qxe4+ 40. Ka1 Re8 (40... Rc7 41. Qd8 $18) 41. Rc1 $1 (41. Rc1 Qf4 42. Rc7+ Kg8 43. Qh5 $18) 1-0

[Event "Nanjing Pearl Spring 2nd"]
[Site "Nanjing"]
[Date "2009.09.30"]
[Round "3"]
[White "Wang, Yue"]
[Black "Carlsen, Magnus"]
[Result "1/2-1/2"]
[WhiteElo "2736"]
[BlackElo "2772"]
[Annotator "Krasenkow,Michal"]
[PlyCount "115"]
[EventDate "2009.09.28"]
[EventType "tourn"]
[EventRounds "10"]
[EventCountry "CHN"]
[EventCategory "21"]
[SourceTitle "CBM 133"]
[Source "ChessBase"]
[SourceDate "2009.11.19"]
[SourceVersion "1"]
[SourceVersionDate "2009.11.19"]
[SourceQuality "1"]

1. d4 Nf6 2. c4 g6 3. Nc3 d5 4. Bf4 Bg7 5. e3 O-O 6. Rc1 Be6 $5 {A rare but playable move, instead of the normal continuations} (6... c5) (6... c6) (6... dxc4) 7. c5 $6 {This is probably too ambitious. White will hardly be able to hold this structure.} (7. Nf3 dxc4 {leads to a popular D92 line}) (7. Qb3 {is the main alternative to the text move:} b6 8. Nf3 c5 $5 (8... c6 $143 9. Ng5 dxc4 10. Bxc4 Bxc4 11. Qxc4 Nd5 12. Nxd5 cxd5 13. Qb3 e6 14. O-O Nd7 15. Nf3 Nf6 16. Qa4 $14 {1-0 Farago,I (2510)-Groszpeter,A (2375)/Budapest 1979/MCD (58)}) (8... Nc6 $6 9. Qa4 $1 (9. cxd5 $143 Nxd5 10. Nxd5 Bxd5 11. Qa4 e5 $1 12. Bg5 f6 $13 {0-1 Soln,P (2280)-Jelen,I (2400)/Vrhnika 1995/EXT 1998 (33)}) 9... Na5 10. cxd5 Nxd5 11. Nxd5 Qxd5 12. b4 Bd7 13. Qa3 Nc6 14. Bc4 $16) 9. dxc5 (9. Rd1 dxc4 10. Bxc4 Bxc4 11. Qxc4 cxd4 12. Nxd4 Qc8 13. Qe2 Nc6 $11 {1/2 Bhat,V (2481)-Kudrin,S (2566)/Tulsa 2008/CBM 123 Extra (19)}) (9. cxd5 Nxd5 10. Nxd5 Bxd5 11. Bc4 Bxf3 $1 12. gxf3 Nc6 $132) 9... Nbd7 $5 10. c6 (10. cxb6 Nc5 11. Qb4 axb6 $44) 10... Nc5 11. Qd1 (11. c7 Qc8 12. Qb4 dxc4 13. Bxc4 Nh5 $132) (11. Qb4 Rc8 $132) 11... dxc4 12. Qxd8 Rfxd8 13. Nd4 Nd5 14. Nxe6 Nxe6 15. Nxd5 Rxd5 16. Rxc4 Bxb2 $10 {Vainerman,I (2385)-Serebro,A/USSR 1987/Inf 45}) 7... c6 (7... Nh5 $5 8. Bg5 b6 9. b4 a5 10. a3 axb4 11. axb4 bxc5 12. bxc5 h6 13. Bh4 f5 14. Bd3 Nf6 15. Bxf6 Bxf6 16. f4 c6 17. Nf3 Nd7 $13 {1/2 Van der Werf,M (2389)-Negi,P (2526)/Wijk aan Zee 2008/CBM 122 (56)}) 8. Bd3 (8. h3 b6 9. b4 Ne4 10. Nf3 a5 11. Na4 Nd7 $2 (11... b5 $142 12. Nb6 Ra7 $13) 12. b5 $1 bxc5 $2 (12... cxb5 13. Bxb5 bxc5 14. dxc5 $16) 13. bxc6 g5 14. Nxg5 Nxg5 15. Bxg5 Nf6 16. Nxc5 Qd6 17. Bb5 {1-0 Timoscenko,G (2494)-Michalik,P (2330)/Banska Stiavnica 2006/CBM 113 ext}) 8... Bg4 $5 {Black starts preparing ...e7-e5.} (8... b6 9. b4 a5 {is another plan.}) 9. Qc2 (9. Nge2 {looks more logical.}) 9... Nfd7 $5 10. Bxb8 $6 (10. h3 e5 $1 11. Bxe5 (11. dxe5 Be6 12. Nf3 Nxc5 $11) 11... Nxe5 12. hxg4 (12. dxe5 Be6 13. f4 Nd7 14. Nce2 f6 15. f5 $1 gxf5 16. Nd4 Re8 $44) 12... Nxg4 13. Be2 $11 {S.Zagrebelny}) 10... Nxb8 $1 (10... Rxb8 11. h3 Be6 $11) 11. h3 Bc8 12. f4 (12. Nf3 Nd7 {[%cal Ye7e5]}) 12... b6 13. Na4 (13. b4 a5 14. a3 axb4 15. axb4 Na6 $1 16. Bxa6 (16. Rb1 bxc5 17. bxc5 Qa5 $17 {[%cal Ra6c5,Ra6b4]}) (16. Qb2 bxc5 17. bxc5 Qa5 18. Ra1 Nxc5 $1 19. Rxa5 Nxd3+ 20. Kd2 Nxb2 21. Rxa8 Nc4+ $17) 16... Bxa6 17. Nf3 bxc5 18. bxc5 f6 $15 {[%cal Ye7e5]}) 13... e5 $1 {[%mdl 512] In Kasparov's style! Black opens up the position against the opponent's uncastled king.} 14. dxe5 (14. fxe5 f6 15. e6 Re8 $15 {[%csl Re3]}) 14... f6 15. exf6 Qxf6 $146 ({RR} 15... Bxf6 16. Ne2 b5 17. Nac3 Na6 18. O-O Nxc5 19. Bxg6 Qe7 20. Nd1 hxg6 21. Qxc5 Qxc5 22. Rxc5 Bd7 23. Nd4 Rae8 24. Nxc6 Bxc6 25. Rxc6 Kg7 26. Rd6 Rd8 27. Rxd8 Rxd8 28. Rf2 Kf7 29. Rd2 Ke6 30. Kf2 {Berg,M (2263)-Holtel,J (2344) Germany GER 2024 1-0 (52)}) ({RR} 15... Bxf6 16. Ne2 b5 17. Nac3 Na6 18. O-O Nxc5 19. Bxg6 Qe7 20. Nd1 hxg6 21. Qxc5 Qxc5 22. Rxc5 Bd7 23. Nd4 Rae8 24. Nxc6 Bxc6 25. Rxc6 Kg7 26. Rd6 Rd8 27. Rxd8 Rxd8 28. Rf2 Kf7 29. Rd2 Ke6 30. Kf2 {Berg,M (2263)-Holtel,J (2344) Germany GER 2024 1-0 (52)}) 16. Nf3 (16. cxb6 $5 axb6 17. a3 (17. Nxb6 Rxa2) (17. Nf3 b5 18. Nc3 Qe7 19. Kf2 Na6 $36) 17... b5 18. Nb6 Ra7 19. Nxc8 Rxc8 $36 {[%cal Ya7e7,Yc8e8]}) 16... Qe7 17. Kf2 b5 18. Nc3 Na6 19. Qd2 (19. Nd1 Nb4 20. Qd2 Nxd3+ 21. Qxd3 Bf5 22. Qd2 Be4 {[%cal Rg6g5]} 23. h4 Rae8 $17) (19. Bxb5 Bf5 $1 $17) 19... Nxc5 $17 {Black has recaptured the pawn and has a lot of advantages: a bishop pair, weakness of the white king and the e3-pawn.} 20. Bb1 Kh8 (20... Bb7 {[%cal Ya8e8]}) (20... Bd7) 21. b4 $6 {[%csl Rc4] Additionally weakening the c4-square.} (21. Ne2 $5 {[%cal Ye2d4]}) 21... Nb7 22. Ne2 Nd6 $1 23. Ned4 (23. Rxc6 Nc4 24. Qd3 a5 $1 $17 {[%csl Rc6]}) 23... Nc4 24. Qd3 Bd7 25. h4 {This counterattack is White's only chance.} Rae8 26. Rce1 (26. h5 Nxe3 27. hxg6 Rxf4 28. Rxh7+ Kg8 $17 {S.Zagrebelny}) 26... Qxb4 27. h5 Nd6 (27... Bf5 $5 28. Qb3 Qd6 $17) 28. hxg6 Ne4+ 29. Kg1 h6 30. Rc1 Qb2 31. Qc2 Qa3 ({Simpler is} 31... Qxc2 32. Bxc2 Ng3 33. Rh4 c5 {with an overwhelming position.}) 32. Nb3 c5 33. Re1 Bf5 34. Nh4 c4 35. Nxf5 Rxf5 36. Nd2 Rxf4 $1 37. Qd1 $1 (37. exf4 $4 Bd4+ $19) 37... Rf6 (37... Rff8 $5 {was probably a bit more accurate:} 38. Nxe4 dxe4 39. Qd7 (39. Rh5 a6) 39... Re7 40. Qxb5 Qc3 41. Re2 Qf6 $19) 38. Nxe4 dxe4 39. Qd7 {The white queen (not exchanged by Black on move 31) becomes extremely active.} Qe7 $6 (39... Re7 $1 40. Qxb5 Qc3 41. Qb8+ Rf8 42. Qg3 Qd2 {S.Zagrebelny} 43. Rf1 Rxf1+ 44. Kxf1 Re8 {[%cal Rd2d1]} 45. Kg1 Be5 $1 $19) 40. Qxb5 Qe6 $2 {The 40th move!} (40... Rxg6 {was still winning a pawn and eventually the game as} 41. Qxc4 $2 {led to a mating attack for Black:} Rxg2+ 42. Kxg2 Qg5+ 43. Kf2 (43. Kh3 Be5 44. Rhg1 Qh5+ 45. Kg2 Qf3#) 43... Rf8+ 44. Ke2 Qg2+ 45. Kd1 Rd8+ $19 {S.Zagrebelny}) 41. Rh4 {White now keeps the material balance and equalizes.} Rf5 42. Qa4 {[%cal Rh4e4,Ra4a7]} Ref8 43. Rxe4 Qxg6 44. Re8 Rxe8 45. Bxf5 Qf7 46. Qd7 Qxd7 47. Bxd7 Rd8 48. Rd1 c3 49. Ba4 Rxd1+ 50. Bxd1 Be5 51. Kf1 Kg7 52. Ke2 h5 53. Kd3 h4 54. Bf3 Kf6 55. Kc2 Ke6 56. Kd3 Kf6 57. Kc2 Ke6 58. Kd3 1/2-1/2

[Event "Nanjing Pearl Spring 2nd"]
[Site "Nanjing"]
[Date "2009.10.04"]
[Round "6"]
[White "Leko, Peter"]
[Black "Carlsen, Magnus"]
[Result "1/2-1/2"]
[WhiteElo "2762"]
[BlackElo "2772"]
[PlyCount "128"]
[EventDate "2009.09.28"]
[EventType "tourn"]
[EventRounds "10"]
[EventCountry "CHN"]
[EventCategory "21"]
[SourceTitle "CBM 133"]
[Source "ChessBase"]
[SourceDate "2009.11.19"]
[SourceVersion "1"]
[SourceVersionDate "2009.11.19"]
[SourceQuality "1"]

1. d4 {Krasenkow,Michal Ftacnik,Lubomir} Nf6 2. c4 g6 3. g3 Bg7 4. Bg2 d5 5. cxd5 Nxd5 6. e4 Nb6 7. Ne2 c5 8. d5 e6 9. O-O O-O 10. Nbc3 Na6 11. Nf4 ({RR} 11. dxe6 Bxe6 12. Bf4 Nb4 13. Bd6 Re8 14. Bxc5 Nd3 15. Bxb6 axb6 16. Qd2 Nb4 17. Rfd1 Qxd2 18. Rxd2 Nxa2 19. Nxa2 Bxa2 20. f4 Bf8 21. e5 Bc5+ 22. Kh1 Bc4 23. Rxa8 Rxa8 24. Bxb7 Ra1+ 25. Kg2 Kg7 {Dive,R (2197)-Steele,H (1789) Wellington NZL 2025 1-0 (54)}) 11... e5 ({RR} 11... exd5 12. Nfxd5) 12. Nd3 Nc4 ({RR} 12... c4 13. Ne1 {RR} f5 14. Be3 Bd7 15. Qd2 Rc8 16. Rd1 Nc5 17. d6 Qf6 18. Bg5 Qe6 19. exf5 gxf5 20. Nd5 Kh8 21. Ne7 ({RR} 21. Be7 e4 22. Bxf8 Rxf8 23. Nf4 Qe5) 21... Rcd8 22. Nd5 e4 23. Nf4 Qe5 24. Nh5 Qxb2 25. Qe3 Nd3 26. Nxg7 Qxg7 27. Bxd8 Rxd8) ({RR} 12... c4 13. Ne1 Bd7 14. Qe2 ({RR} 14. f4 Nc5 ({RR} 14... exf4 15. Bxf4 Nc5 16. Qd2 Nba4 17. Rc1 Nxc3 18. bxc3 Re8 19. e5 Bxe5 20. Bxe5 Rxe5 21. Nf3 Re8 22. Qd4) 15. fxe5 Bxe5 16. Bh6 ({RR} 16. Nf3 Bg4) 16... Re8 17. Qd2 Nba4 18. Nxa4 Nxa4 19. Rb1 f6 20. b3 cxb3 21. Rxb3 Nc5 22. Rb1 Rc8) ({RR} 14. Be3 Nc8 ({RR} 14... Rc8 15. a4) 15. f4 Nd6 16. Qd2 ({RR} 16. fxe5 Bxe5 17. Bd4 f6 18. Qd2 Bxd4+ 19. Qxd4 Qb6 20. Qxb6 axb6 21. Nf3 Rfe8 22. Rae1 Nf7 23. b3 Rac8 24. Rb1 b5) 16... f6 ({RR} 16... Nb4 17. a3 Nd3 18. Nxd3 cxd3 19. Qxd3 Rc8 20. Rf2 Re8 21. fxe5 Bxe5 22. Bd4) 17. fxe5 fxe5 18. Nf3 ({RR} 18. Rxf8+ Qxf8 19. Nf3) 18... b5 ({RR} 18... Qc7 19. Qf2 b6) 19. a3 Qc7 20. Qf2 h6 21. Kh1 Kh7 22. h3 Kg8 23. g4) 14... Nc5 15. Be3 Rc8 16. Nf3 Qe8 ({RR} 16... Nba4 17. Qxc4 Nxc3 18. bxc3 Na4 19. Qb4 a5) 17. Nd2 f5 18. exf5 gxf5 19. Nxc4 Nxc4 20. Qxc4 Ne4 ({RR} 20... b5 21. Qh4) 21. Qb4 Nxc3 22. bxc3 f4 23. Bc5 ({RR} 23. Bxa7 f3 24. Bh1 b5) 23... f3 24. Bxf8 ({RR} 24. Bh1 Rf4 25. c4 b6 26. Be3 Rfxc4 27. Qa3 e4) 24... Bxf8 25. Qxb7 fxg2 26. Kxg2 Qf7 27. Rab1 {Leko,P (2762)-Topalov,V (2813) Nanjing 2009 CBM 133 [Krasenkow,Michal] 0-1 (40)} ({RR} 27. Qb3 e4 28. c4 Rxc4 29. Qxc4 Qf3+ 30. Kg1 Bh3) {RR} 27... Rxc3 28. Kg1 e4) 13. Qe2 Qa5 $146 ({RR} 13... Nd6 14. f4 f6 ({RR} 14... exf4 15. gxf4) 15. fxe5 fxe5 16. Rxf8+ Qxf8 17. Be3 b6 18. Rf1 Qe8 19. Rd1 h5 ({RR} 19... Bd7) 20. Nf2 Nc7 21. g4 Ba6 ({RR} 21... h4 22. Bg5) ({RR} 21... hxg4 22. Nxg4 Bxg4 23. Qxg4) 22. Qf3 Qf7 23. gxh5 gxh5 ({RR} 23... Qxf3 24. Bxf3 gxh5 25. Bxh5) 24. Qg3 Rf8 25. Nh3 Qd7 26. Qg6 Nc4 27. Ng5 Rf6 28. Qh7+ {Petrosian,A (2460)-Lin,W (2495) Shenzhen 1992 CBM 031 [Ftacnik,Lubomir] 1-0 (40)}) ({RR} 13... Bd7 14. Nxc5 Nxc5 15. Qxc4) 14. a3 Bd7 15. Bg5 Rfc8 16. Be7 Qb6 17. d6 Be6 18. Nd5 Bxd5 19. d7 Be6 20. dxc8=Q+ Rxc8 21. b4 cxb4 22. axb4 Bf8 23. Bxf8 Rxf8 24. Rfc1 Rd8 25. Bf1 Rd4 26. Rd1 Nxb4 27. Nxb4 Rxd1 28. Qxd1 Qxb4 29. Qa4 Qxa4 30. Rxa4 Nd6 31. Rxa7 Nxe4 32. Rxb7 Kg7 33. Rb5 Kf6 34. f3 Nd6 35. Rb6 Ke7 36. Kf2 h5 37. Bd3 Nf5 38. Ra6 Nd6 39. Ke3 Nc4+ 40. Kf2 Nd6 41. Bb1 Nf5 42. Ba2 Bxa2 43. Rxa2 g5 44. Ra4 h4 45. g4 Nd6 46. Ke3 Ke6 47. Ra6 Kd5 48. Kd3 f6 49. Ra5+ Ke6 50. h3 Nb7 51. Ra6+ Nd6 52. Kc3 Kd5 53. Ra5+ Ke6 54. Kb4 e4 55. fxe4 Nxe4 56. Rf5 Nd6 57. Rf1 f5 58. Kc3 fxg4 59. hxg4 Ne4+ 60. Kd4 Nf6 61. Re1+ Kf7 62. Rg1 h3 63. Rh1 Nxg4 64. Rxh3 Kg6 1/2-1/2